[Event "Jaroslawiec op-A"]
[Site "Jaroslawiec"]
[Date "1995.??.??"]
[Round "2"]
[White "Dziedzic, J."]
[Black "Kruczynski, Marek"]
[Result "0-1"]
[WhiteElo "2140"]
[BlackElo "2375"]
[PlyCount "64"]
[EventDate "1995.??.??"]
[EventType "swiss"]
[EventRounds "9"]
[EventCountry "POL"]
[SourceTitle "EXT 2006"]
[Source "ChessBase"]
[SourceDate "2005.11.24"]
[SourceVersion "1"]
[SourceVersionDate "2005.11.24"]
[SourceQuality "1"]

1. d4 f5 2. g3 Nf6 3. Bg2 g6 4. c4 Bg7 5. Nd2 0-0 6. e3 d6 7. Ngf3 Nc6 8. a3 e5 9. d5 Ne7 10. 0-0 h6 11. b4 g5 12. Bb2 Qe8 13. Qb3 Qh5 14. Rfd1 f4 15. exf4 gxf4 16. Nh4 Bg4 17. Re1 Rae8 18. Rac1 Nh7 19. f3 Bc8 20. Ne4 Ng5 21. c5 Nxe4 22. fxe4 Bf6 23. Nf3 Ng6 24. cxd6 cxd6 25. b5 fxg3 26. hxg3 Bd8 27. Nh2 Bb6+ 28. Kh1 Rf2 29. Rc2 Ref8 30. Bc1 Bh3 31. Rxf2 Rxf2 32. Bf3 Rxh2+ 0-1